000 00336nam a2200133 i 4500
001 bg
100 1 _aWECK, M.
245 1 0 _aWerkzeugmaschinen.
_nBd. 3,
_pAutomatisierung und Steuerungstedsnik /
_cM. Weck.
260 _aDusseldorf,
_c1982.
040 _cBPK
041 _apol
942 _cKS
008 s pl f |000 0 pol
999 _c21883
_d21883
856 _uhttp://koha.tu.koszalin.pl/cgi-bin/koha/opac-detail.pl?biblionumber=21883
_yKatalog online BPK